00389nam a2200157Ia 45000010006000000050017000060080041000230410008000640820030000721000042001022450034001442600009001783000028001876500008002156540008002231220720260306162924.0260306t2019||||xx |||||||||||||| ||spa|| aESP aHR 340bNº 82 2019 RA-DF aPérez Martín, Antonio JaviereAUT 0aRevista de derecho de familia c2019 a407 páginas :c24 cm. aGEN aCDE